| 000 | 00553cam a2200181 4500500 | ||
|---|---|---|---|
| 005 | 20260329003531.0 | ||
| 041 | _afre | ||
| 042 | _adc | ||
| 100 | 1 | 0 |
_ade Oliveira, Victorine _eauthor |
| 245 | 0 | 0 | _aAlbert Einstein. L’auteur |
| 260 | _c2015. | ||
| 500 | _a46 | ||
| 690 | _aAlbert Einstein | ||
| 690 | _aPhysique | ||
| 690 | _aRelativité | ||
| 786 | 0 | _nPhilosophie magazine | 95 | 12-1 | 2015-12-01 | p. 68-68 | 1951-1787 | |
| 856 | 4 | 1 | _uhttps://shs.cairn.info/magazine-philosophie-magazine-2015-12-1-page-68?lang=fr&redirect-ssocas=7080 |
| 999 |
_c1825378 _d1825378 |
||